
Library Catalogue

| 000 -LEADER | |
|---|---|
| fixed length control field | 02476nam a2200217Ia 4500 |
| 003 - CONTROL NUMBER IDENTIFIER | |
| control field | OSt |
| 005 - DATE AND TIME OF LATEST TRANSACTION | |
| control field | 20210622114656.0 |
| 008 - FIXED-LENGTH DATA ELEMENTS--GENERAL INFORMATION | |
| fixed length control field | 160316s2013 xxu||||| |||| 00| 0 eng d |
| 020 ## - INTERNATIONAL STANDARD BOOK NUMBER | |
| International Standard Book Number | 9781107033481 |
| 040 ## - CATALOGING SOURCE | |
| Transcribing agency | n |
| 082 ## - DEWEY DECIMAL CLASSIFICATION NUMBER | |
| Classification number | 341.522000 |
| Item number | COR |
| 100 ## - MAIN ENTRY--PERSONAL NAME | |
| Personal name | Cordero-Moss Giuditta |
| 245 ## - TITLE STATEMENT | |
| Title | International commercial arbitration : Different forms and their features |
| 260 ## - PUBLICATION, DISTRIBUTION, ETC. | |
| Place of publication, distribution, etc. | Cambridge |
| Name of publisher, distributor, etc. | Cambridge University Press |
| Date of publication, distribution, etc. | 2013 |
| 300 ## - PHYSICAL DESCRIPTION | |
| Extent | 442p |
| Dimensions | vii |
| 365 ## - TRADE PRICE | |
| Price amount | Rs. 6,660 |
| 505 ## - FORMATTED CONTENTS NOTE | |
| Formatted contents note | Table of contents<br/>Introduction; <br/>Part I. Arbitration Law's Significance for International Disputes: <br/>1. International arbitration is not only international Giuditta Cordero-Moss; <br/>2. International arbitration and domestic law Luca Radicati di Brozolo; <br/>Part II. Ad Hoc Arbitration: <br/>3. Ad hoc arbitration v. institutional arbitration Carita Wallgren-Linholm; <br/>4. The UNCITRAL arbitration rules and their use in ad hoc arbitration Corinne Montineri; <br/>Part III. Institutional Arbitration: Features of Selected Arbitration Institutions in Europe: <br/>5. Arbitration in Austria: features of the International Arbitral Centre of the Austrian Federal Economic Chamber (VIAC) Werner Melis; <br/>6. Arbitration in Denmark: features Georg Lett; <br/>7. Arbitration in Germany: features of the German Institution of Arbitration Jens Bredow; <br/>8. Arbitration in Italy: features of the Milan Chamber of Arbitration Stefano Azzali; <br/>9. Arbitration under the rules of the International Chamber of Commerce Simon Greenberg and Anders Ryssdal; <br/>10. Arbitration in London: features of the London Court of International Arbitration Johannes Koepp, Dorine Farah and Peter Webster; <br/>11. Arbitration in Norway: features of the Oslo Chamber of Commerce Stephen Knudtzon; <br/>12. Arbitration in Russia: features of the International Arbitration Court at the Chamber of Commerce and Industry of the Russian Federation Alexander Komarov; <br/>13. Arbitration in Sweden: features of the Stockholm rules Henrik Fieber and Eva Storskrubb; <br/>14. Arbitration under the Swiss rules Daniel Wehrli and Marco Stacher; Part IV. New Trends in International Arbitration: <br/>15. 'Domesticating' the New York convention: the impact of the U.S. federal arbitration act George Bermann; <br/>16. New trends in international commercial arbitration in Latin America Diego Fernandez Arroyo. |
| 650 ## - SUBJECT ADDED ENTRY--TOPICAL TERM | |
| Topical term or geographic name entry element | 1. International Law - Commercial Arbitration2. International Commercial Arbitration |
| 700 ## - ADDED ENTRY--PERSONAL NAME | |
| Personal name | |
| -- | |
| 942 ## - ADDED ENTRY ELEMENTS (KOHA) | |
| Source of classification or shelving scheme | Dewey Decimal Classification |
| Koha item type | BOOKs |
| Withdrawn status | Lost status | Damaged status | Not for loan | Home library | Current library | Shelving location | Date acquired | Cost, normal purchase price | Total Checkouts | Total Renewals | Full call number | Barcode | Date last seen | Date last checked out | Price effective from | Koha item type |
|---|---|---|---|---|---|---|---|---|---|---|---|---|---|---|---|---|
| NLS | NLS | 30/05/2017 | 6660.00 | 4 | 1 | 341.522 COR | 30298 | 07/07/2025 | 07/07/2025 | 30/05/2017 | BOOKs |